Salud y enfermedad lecturas básicas en sociología de la medicina (Registro nro. 47665)

Detalles MARC
000 -ENCABEZADO
Número de control [NR] 00791nam a2200217Ia 4500
008 - DE LONGITUD FIJA DE DATOS DE ELEMENTOS - INFORMACIÓN GENERAL
Elementos de longitud fija [NR] 130821s1999 ck gr spa
020 ## - NUMERO INTERNACIONAL NORMALIZADO PARA LIBROS [R]
Número Internacional Normalizado del libro [NR] 958655385x
040 ## - FUENTE DE CATALOGACION [NR]
Agencia de catalogación original [NR] Co-BoUCM
Idioma de catalogación [NR] spa
041 00 - CODIGO DE IDIOMA [R]
Código de idioma para texto/pista de sonido o título separado [R] Español
060 ## - SIGNATURA TOPOGRAFICA DE LA BIBLIOTECA NACIONAL DE MEDICINA (NLM) [R]
Número clasificador [R] WA 30
-- 5
245 10 - MENCION DE TITULO [NR]
Título [NR] Salud y enfermedad lecturas básicas en sociología de la medicina
Mención de responsabilidad, etc. [NR] Compiladora Carmen de la Cuesta Benjumea
260 ## - PUBLICACION, DISTRIBUCION, ETC. (PIE DE IMPRENTA) [R]
Lugar de publicación, distribución, etc. [R] Medellín (Antioquia, Colombia)
Nombre del editor, distribuidor, etc. [R] Editorial Universidad de Antioquia
Fecha de publicación, distribución, etc. [R] 1999
300 ## - DESCRIPCION FISICA [R]
Extensión [R] 311 páginas
490 ## - MENCION DE SERIE [R]
Mención de serie [R] Colección Yuluka. Salud Pública
504 ## - NOTA DE BIBLIOGRAFIA, ETC. [R]
Nota de bibliografía, etc. [NR]
650 04 - ASIENTO SECUNDARIO DE MATERIA - TERMINO TEMATICO [R]
Término temático o nombre geográfico como elemento de entrada [NR] Medicina
Subdivisión de forma [R] Aspectos sociales
9 (RLIN) 225
650 04 - ASIENTO SECUNDARIO DE MATERIA - TERMINO TEMATICO [R]
Término temático o nombre geográfico como elemento de entrada [NR] Salud pública
9 (RLIN) 8073
650 04 - ASIENTO SECUNDARIO DE MATERIA - TERMINO TEMATICO [R]
Término temático o nombre geográfico como elemento de entrada [NR] Sociología
9 (RLIN) 386
700 1# - ASIENTO SECUNDARIO - NOMBRE PERSONAL [R]
Nombre personal [NR] De LA CUESTA BENJUMEA, Carmen
Término de relación [R]
9 (RLIN) 162204
942 ## - ELEMENTOS DE ENTRADA AGREGADOS (KOHA)
Tipo de ítem principal el descrito en 300a Libro
Tema principal Medicina
Edición 1
Parte restante de la signatura top. S181
Sistema de clasificación NLM
Clasificación WA 30
Título oculto en OPAC No
Existencias
Signatura topográfica Código de barras Última vez visto Ejemplar Price effective from Tipo de ítem Perdido Sistema de clasificación Dañado No prestable Tipo de ítem específico Suprimido Ubicación habitual Ubicación actual Localización Fecha de creación Forma de adquisición Costo
WA 30 S181 200011446 02/02/2026 Ej.1 03/02/2013 Libro   NLM     Libro   Quinta de Mutis Quinta de Mutis 1er piso 28/02/2005 Compra 39010.00